[Event "IND-ch U11"]
[Site "Odisha"]
[Date "2014.07.25"]
[Round "2"]
[White "Anurag, Kuruvada"]
[Black "Ram, Aravind LN"]
[Result "0-1"]
[WhiteElo "1476"]
[BlackElo "2119"]
[PlyCount "86"]
[EventDate "2014.07.24"]
[EventType "swiss"]
[EventRounds "11"]
[EventCountry "IND"]
[SourceTitle "CBM 161 Extra"]
[Source "ChessBase"]
[SourceDate "2014.08.29"]
[SourceVersion "1"]
[SourceVersionDate "2014.08.29"]
[SourceQuality "1"]

1. d4 Nf6 2. c4 g6 3. g3 d5 4. cxd5 Nxd5 5. Bg2 Bg7 6. Nf3 0-0 7. 0-0 Nb6 8. Nc3 Nc6 9. e3 a5 10. b3 e5 11. Ba3 Re8 12. dxe5 Nxe5 13. Nd4 Ng4 14. Nde2 Qg5 15. e4 Be6 16. Bc1 Qc5 17. Bd2 Rad8 18. Rc1 Qe7 19. Qc2 Rd7 20. Nf4 Red8 21. Rfd1 Qc5 22. Nh3 Bd4 23. Be1 Ne5 24. Nf4 Bg4 25. Nd3 Qe7 26. Nxe5 Bxd1 27. Rxd1 Qxe5 28. Bh3 Rd6 29. Ne2 Bxf2+ 30. Bxf2 Rxd1+ 31. Bf1 Qa1 32. Qxc7 Rxf1+ 33. Kg2 Rxf2+ 34. Kxf2 Qf6+ 35. Nf4 Rd7 36. Qb8+ Qd8 37. Qe5 a4 38. bxa4 Nc4 39. Qc3 Rd2+ 40. Kf3 Qd4 41. Qxd4 Rxd4 42. e5 Nxe5+ 43. Ke3 Rxa4 0-1